| 000 | 00533nam a2200157 i 4500 | ||
|---|---|---|---|
| 001 | 26678 | ||
| 003 | ES-MaACL | ||
| 005 | 20230906153501.0 | ||
| 007 | t| | ||
| 008 | 030110s1972 sp ||||1| spa d | ||
| 110 | 2 |
_aComisión de Seguridad en la Industria Siderometalúrgica. _bAsamblea Anual ( _n10a. _d1972. _cBilbao) _93026 |
|
| 245 | 1 | 0 |
_aX Asamblea anual de la C.S.I.S. _b: 22-24 mayo. |
| 260 |
_a[S.l. : _bs.n., _c1972] ( _eOviedo : _fGráf. Summa) |
||
| 300 |
_a311 p. : _bil. ; _c28 cm. |
||
| 852 |
_aES-MaACL _jC-43982 _bR.83746 |
||
| 999 |
_c26678 _d26678 |
||